| 000 | 01132nam a22003497a 4500 | ||
|---|---|---|---|
| 001 | 000646 | ||
| 003 | DO-SdBPM | ||
| 005 | 20260304104627.0 | ||
| 007 | ta | ||
| 008 | 161104b2008 mx a ||||| |||| 00| 0 spa d | ||
| 020 | _a9870401201 | ||
| 040 |
_aDO-SdBPM _bspa _cBPMSU _erda |
||
| 082 | 0 | 4 |
_aA863.44 _b P473ch 2008 _222 |
| 100 | 1 |
_aPescetti, Luis María, _d1958- _4aut. _eautora |
|
| 245 | 1 | 0 |
_aChat Natacha chat / _cLuis María Pescetti ; ilustraciones O'Kif-MG |
| 250 | _a | ||
| 264 |
_aMéxico : _bAlfaguara, _c2008. |
||
| 300 |
_a114 páginas : _bilustraciones ; _c20 cm. |
||
| 336 |
_atexto _btxt _2rdacontent |
||
| 337 |
_asin mediación _bn _2rdamedia |
||
| 338 |
_avolumen _bnc _2rdacarrier |
||
| 490 | 0 | _aAlfaguara infantil. | |
| 500 | _a Para niños a partir de los 10 años. | ||
| 500 | _aIncluye datos de la autora | ||
| 590 | _aInventariado, 2026/VM | ||
| 650 | 7 | _aNovela infantil argentina | |
| 650 | 7 |
_aFamilia _vNovela infantil |
|
| 650 | 7 |
_aPadres e hijos _vNovela infantil |
|
| 700 | 1 |
_aO'Kif-MG, _eilustraciones |
|
| 910 | _aVMateo V. Control de calidad. BPMSU | ||
| 942 |
_2ddc _cBK |
||
| 999 |
_c11797 _d11797 |
||